Los procesos posesorios, el reivindicatorio y la ocupacion de hecho : (Registro nro. 50000)

Detalles MARC
000 -LEADER
fixed length control field 01134nam a2200289 4500
001 - CONTROL NUMBER
control field 0000013757
003 - CONTROL NUMBER IDENTIFIER
control field CO-CtgCURN
005 - DATE AND TIME OF LATEST TRANSACTION
control field 20250828213537.0
008 - FIXED-LENGTH DATA ELEMENTS--GENERAL INFORMATION
fixed length control field 160627s1993 000 0 eng d
040 ## - CATALOGING SOURCE
Original cataloging agency CO-CtgCURN
Language of cataloging spa
Transcribing agency coctgcurn
082 0# - DEWEY DECIMAL CLASSIFICATION NUMBER
Classification number 345.72
Item number U77p
100 1# - MAIN ENTRY--PERSONAL NAME
Personal name Urrutia Mejia, Hernando.
245 14 - TITLE STATEMENT
Title Los procesos posesorios, el reivindicatorio y la ocupacion de hecho :
Remainder of title aspectos fundamentales /
Statement of responsibility, etc. Hernando Urrutia Mejia , corrección Urbano Díaz M.
260 ## - PUBLICATION, DISTRIBUTION, ETC.
Place of publication, distribution, etc. Bogotá :
Name of publisher, distributor, etc. Ediciones Juridica Radar,
Date of publication, distribution, etc. 1993.
300 ## - PHYSICAL DESCRIPTION
Extent 2 v.
336 ## - CONTENT TYPE
Source rdacontent
337 ## - MEDIA TYPE
Source rdamedia
Media type term sin mediacion
Media type code n
338 ## - CARRIER TYPE
Source rdacarrier
Carrier type term volumen
Carrier type code nc
504 ## - BIBLIOGRAPHY, ETC. NOTE
Bibliography, etc. note Bibliografia (p. 839-845)
505 8# - FORMATTED CONTENTS NOTE
Formatted contents note v.1 Parte primera, teoria.--Aspectos fundamentales.--v.2 Teoria.--Aspectos fundamentales.--Parte segunda, Practica forense.--Legislacion
650 #0 - SUBJECT ADDED ENTRY--TOPICAL TERM
Topical term or geographic name entry element Alquileres
Geographic subdivision Colombia.
700 1# - ADDED ENTRY--PERSONAL NAME
Personal name Díaz M., Urbano.
908 ## - PUT COMMAND PARAMETER (RLIN)
Put command parameter 160627
942 ## - ADDED ENTRY ELEMENTS (KOHA)
Koha item type Libros
Classification part 345.72
Item part U77p
Source of classification or shelving scheme Dewey Decimal Classification
999 ## - SYSTEM CONTROL NUMBERS (KOHA)
-- 2

No hay ítems disponibles.